| 000 | 00714cam a22002413a 4500 | ||
|---|---|---|---|
| 001 | 32002 | ||
| 003 | PGUSA | ||
| 005 | 20140828083707.0 | ||
| 008 | 100415s2010||||xxu|||||s|||||000 | eng d | ||
| 040 |
_aPGUSA _beng |
||
| 042 | _adc | ||
| 050 | 4 | _aPQ | |
| 100 | 1 |
_aCastilho, Antonio Feliciano de, _d1800-1875 |
|
| 245 | 1 | 2 |
_aA Chave do Enigma _h[electronic resource] / _cAntonio Feliciano de Castilho |
| 260 |
_bProject Gutenberg, _c2010 |
||
| 506 | _aPublic domain in the USA. | ||
| 516 | _aElectronic text | ||
| 653 | _aPortuguese literature | ||
| 653 | _aCastilho, Antonio Feliciano de, 1800-1875 | ||
| 830 | 0 |
_aProject Gutenberg _v32002 |
|
| 856 | 4 | 0 | _uhttp://www.gutenberg.org/ebooks/32002 |
| 942 | _cEB | ||
| 999 |
_c261257 _d261257 |
||